000 00293 a2200121 4500
001 76687
082 _a891.4391 WAS
090 _c39205
_d39205
100 _aWasi Shah
245 _aMeray Ho Kay Raho (Urdu)
_cWasi Shah
_hUrdu
260 _aLahore
_bDua Publications
_c2008
300 _a200 p
942 _acaenust
_k891.4391 WAS
999 _c311760
_d311760